000 00444nam a2200181Ia 4500
001 11969
005 20260306162907.0
008 260306t2013||||xx |||||||||||||| ||spa||
041 _aESP
082 _aHR 340
_bJUN 2013 DIKAION
110 _aUniversidad de La Sabana
245 0 _aDíkaion:
_brevista de fundamentación jurídica
260 _c2013
300 _a
_c24 cm.
650 _aGEN
654 _aCDE
942 _cREV
_dJUS
_fJUS
_2ddc
_n
999 _c11969
_d11969